[Event "IECG CP.2004.P.00003 email"]
[Site "IECG email"]
[Date "2004.10.01"]
[Round "?"]
[White "Hirschorn, James"]
[Black "Cieslak, Brian"]
[Result "1-0"]
[WhiteElo "1152"]
[BlackElo "1122"]
[PlyCount "22"]
[EventDate "2004.10.01"]
[EventType "tourn (corr)"]
[EventRounds "6"]
[SourceTitle "Corr 2024"]
[Source "ChessBase"]
[SourceDate "2023.10.19"]
[SourceVersion "1"]
[SourceVersionDate "2023.10.19"]
[SourceQuality "1"]

1. f4 Nf6 2. Nf3 d6 3. d4 g6 4. Nc3 Bg7 5. e4 Bg4 6. Be3 Nbd7 7. h3 Nxe4 8. Nxe4 d5 9. Nc3 Bf5 10. Bd3 b6 11. Bxf5 Nf6 1-0

[Event "IECG CP.2003.P.00026 email"]
[Site "IECG email"]
[Date "2003.10.01"]
[Round "?"]
[White "Hirschorn, James"]
[Black "Pirner, Robert"]
[Result "1/2-1/2"]
[WhiteElo "1200"]
[BlackElo "1712"]
[PlyCount "70"]
[EventDate "2003.10.01"]
[EventType "tourn (corr)"]
[EventRounds "6"]
[EventCountry "GER"]
[SourceTitle "Corr 2008"]
[Source "ChessBase"]
[SourceDate "2008.06.24"]
[SourceVersion "1"]
[SourceVersionDate "2008.06.24"]
[SourceQuality "1"]

1. e4 c6 2. d4 d5 3. Nd2 dxe4 4. Nxe4 Nd7 5. Bc4 Ngf6 6. Ng5 e6 7. Qe2 Nb6 8. Bb3 Be7 9. N1f3 0-0 10. Bd2 c5 11. dxc5 Bxc5 12. 0-0 h6 13. Ne4 Nxe4 14. Qxe4 Nd5 15. Rad1 Qb6 16. c4 Nf6 17. Qh4 Be7 18. Ne5 Qc7 19. Rfe1 Rd8 20. Qg3 Rxd2 21. Rxd2 Bb4 22. Nf3 Qb6 23. Rdd1 Bxe1 24. Nxe1 Bd7 25. Nd3 Bc6 26. Ne5 Be4 27. Qe3 Qxe3 28. fxe3 Rc8 29. h3 a6 30. Rd4 b5 31. cxb5 axb5 32. Rd1 Bd5 33. Bxd5 Nxd5 34. e4 Nf4 35. Nd3 Rd8 1/2-1/2

[Event "IECG CP.2003.P.00026 email"]
[Site "IECG email"]
[Date "2003.10.01"]
[Round "?"]
[White "Hirschorn, James"]
[Black "Roberts, Anthony"]
[Result "0-1"]
[WhiteElo "1200"]
[BlackElo "2017"]
[PlyCount "78"]
[EventDate "2003.10.01"]
[EventType "tourn (corr)"]
[EventRounds "6"]
[EventCountry "GER"]
[SourceTitle "Corr 2008"]
[Source "ChessBase"]
[SourceDate "2008.06.24"]
[SourceVersion "1"]
[SourceVersionDate "2008.06.24"]
[SourceQuality "1"]

1. e4 c5 2. Nf3 d6 3. d4 cxd4 4. Nxd4 Nf6 5. Nc3 a6 6. Be3 e5 7. Nb3 Be6 8. Qd2 Nbd7 9. f3 b5 10. 0-0-0 Be7 11. g4 h6 12. h4 Nb6 13. Qf2 Nfd7 14. Kb1 Qc7 15. Nd5 Bxd5 16. exd5 Nc4 17. Bc1 a5 18. Bd3 Rb8 19. Qe2 Ndb6 20. Qe4 a4 21. Na1 Qc5 22. f4 Nxd5 23. Bxc4 Nc3+ 24. bxc3 bxc4+ 25. Nb3 axb3 26. cxb3 cxb3 27. Qa4+ Kf8 28. axb3 Qxc3 29. Bb2 Qxb3 30. Qxb3 Rxb3 31. fxe5 dxe5 32. Kc2 Rb5 33. Rd7 Bf6 34. Ra1 Kg8 35. Raa7 Kh7 36. Rdc7 Bxh4 37. Rxf7 Rg8 38. Bc3 Kg6 39. Kd3 Bf6 0-1

[Event "IECG CP.2003.P.00026 email"]
[Site "IECG email"]
[Date "2003.10.01"]
[Round "?"]
[White "Hirschorn, James"]
[Black "Thorp, Jeremy"]
[Result "0-1"]
[WhiteElo "1200"]
[BlackElo "841"]
[PlyCount "38"]
[EventDate "2003.10.01"]
[EventType "tourn (corr)"]
[EventRounds "6"]
[EventCountry "GER"]
[SourceTitle "Corr 2008"]
[Source "ChessBase"]
[SourceDate "2008.06.24"]
[SourceVersion "1"]
[SourceVersionDate "2008.06.24"]
[SourceQuality "1"]

1. c4 e5 2. g3 Nf6 3. Bg2 c6 4. d4 exd4 5. Qxd4 d5 6. cxd5 cxd5 7. Nf3 Nc6 8. Qa4 Bc5 9. 0-0 0-0 10. Bg5 h6 11. Bxf6 Qxf6 12. Nc3 d4 13. Nb5 a6 14. Rfd1 d3 15. exd3 Qxb2 16. d4 Qxb5 17. Qxb5 axb5 18. dxc5 Bg4 19. Rd7 Bxd7 0-1

[Event "IECG CE.2003.0.00052 email"]
[Site "IECG email"]
[Date "2003.05.08"]
[Round "?"]
[White "Xyko, Kenny"]
[Black "Hirschorn, James"]
[Result "1-0"]
[WhiteElo "1134"]
[BlackElo "1200"]
[PlyCount "39"]
[EventDate "2003.05.08"]
[EventType "tourn (corr)"]
[EventRounds "6"]
[SourceTitle "Corr 2008"]
[Source "ChessBase"]
[SourceDate "2008.06.24"]
[SourceVersion "1"]
[SourceVersionDate "2008.06.24"]
[SourceQuality "1"]

1. e4 c5 2. Nf3 d6 3. d4 cxd4 4. Nxd4 Nf6 5. Nc3 g6 6. Be3 Bg7 7. f3 0-0 8. Qd2 Nc6 9. Bc4 Nd7 10. 0-0 Nde5 11. Be2 Bd7 12. Rad1 a6 13. Nd5 b5 14. b3 Rc8 15. a4 bxa4 16. Bxa6 Ra8 17. Bb7 Ra7 18. Nxc6 Bxc6 19. Bxc6 Nxc6 20. Bxa7 1-0